00798nab a22001937a 4500003000400000005001700004008004100021040000700062100002200069245009200091260007200183300001300255500003800268505008900306650002000395650002000415650003100435773013800466OSt20251230233825.0190605e xxu||||| |||| 00| 0 spa d cPJ aMansilla, Alberto10aNuevo artículo 29 de la LCT :bponiendo las cosas en su quicio / cAlberto Mansilla. aCiudad Autónoma de Buenos Aires :bThomson Reuters La Ley,c2024. ap. 53-55 aCita: TR LALEY AR/DOC/2037/2024  t¿Te interesa el texto completo? Solicitalo al correo: koha@justierradelfuego.gov.ar 0aDERECHO LABORAL 0aREFORMA LABORAL 0aLEY DE CONTRATO DE TRABAJO0 02711dCiudad Autónoma de Buenos Aires : Thomson Reuters La Ley, 1999-2002.tRevista de derecho del trabajo. Nº 5 - Septiembre 2024